The day after tomorrow (Record no. 110066)

MARC details
000 -LEADER
fixed length control field 01003cad a22002295a 4500
001 - CONTROL NUMBER
control field E148496
008 - FIXED-LENGTH DATA ELEMENTS--GENERAL INFORMATION
fixed length control field 090924s2009 xxk o f 000 0 eng d
035 ## - SYSTEM CONTROL NUMBER
System control number (Sirsi) u148496
041 0# - LANGUAGE CODE
Language code of text/sound track or separate title eng
050 04 - LIBRARY OF CONGRESS CALL NUMBER
Classification number 333.33 $2 18
110 2# - MAIN ENTRY--CORPORATE NAME
Corporate name or jurisdiction name as entry element GVA Grimley
9 (RLIN) 3646
245 04 - TITLE STATEMENT
Title The day after tomorrow
Remainder of title the post recession world & implications for commercial property
Medium [electronic resource]
260 ## - PUBLICATION, DISTRIBUTION, ETC.
Place of publication, distribution, etc. London
Name of publisher, distributor, etc. GVA Grimley
Date of publication, distribution, etc. 2009
490 #0 - SERIES STATEMENT
Series statement GVA Grimley Property Intelligence
520 ## - SUMMARY, ETC.
Summary, etc. Looks at the implications of the current recession for the commercial property sector over the next 10-20 years. Also discusses the reasons for the economic downturn, and looks at the prospects for rents, yields, occupiers and investment. Tables.
521 ## - TARGET AUDIENCE NOTE
Target audience note Advanced
590 ## - LOCAL NOTE (RLIN)
Local note KA NTK
651 #4 - SUBJECT ADDED ENTRY--GEOGRAPHIC NAME
Geographic name United Kingdom
Chronological subdivision
690 ## - LOCAL SUBJECT ADDED ENTRY--TOPICAL TERM (OCLC, RLIN)
Topical term or geographic name as entry element PROPERTY-COMMERCIAL PROPERTY-COMMERCIAL PROPERTY MARKET
856 40 - ELECTRONIC LOCATION AND ACCESS
Uniform Resource Identifier <a href="https://www.gvagrimley.co.uk/">https://www.gvagrimley.co.uk/</a>
Public note View the report free of charge at www.gvagrimley.co.uk...
942 ## - ADDED ENTRY ELEMENTS (KOHA)
Suppress in OPAC 0
Holdings
Withdrawn status Lost status Source of classification or shelving scheme Damaged status Not for loan Home library Current library Shelving location Date acquired Total Checkouts Full call number Barcode Date last seen Copy number Price effective from Koha item type
    Dewey Decimal Classification     Virtual Virtual Online 24/09/2009   ONLINE PUBLICATION 148496-2001 06/08/2019 1 06/08/2019 Book